| 000 | 00684nam a22002057a 4500 | ||
|---|---|---|---|
| 999 |
_c9193 _d9193 |
||
| 003 | AR-CdUCM | ||
| 008 | 190327b ||||| |||| 00| 0 spa d | ||
| 040 |
_aMUNICIPALIDAD PROVINCIAL DEL CUSCO _cBIBLIOTECA MUNICIPAL DEL CUSCO |
||
| 082 |
_a869.56 / _bC76 |
||
| 100 |
_aVictor Ernesto _925251 |
||
| 245 | _aEl organillero / | ||
| 260 |
_aLima : _bLa estrella Fulgente, _c1963. |
||
| 300 |
_a83 páginas ; _c19 cm. |
||
| 505 | _aContenido : El mono -- Casas humildes -- Manos con ojos -- Encadenado -- Ese niño verde -- Callejón -- Un juego ... | ||
| 650 |
_aEl organillero _925252 |
||
| 650 |
_aRelatos _9195 |
||
| 650 |
_aLiteratura _983 |
||
| 942 |
_2ddc _cLIBROS |
||
| 945 | _arah | ||